| 000 | 00970nam a22002897a 4500 | ||
|---|---|---|---|
| 001 | 1514 | ||
| 003 | FISKH | ||
| 005 | 20231002084602.0 | ||
| 008 | 230901b cb ||||| |||| 00| 0 eng d | ||
| 020 | _a9789924341024 | ||
| 040 |
_aFISKH _beng _cFISKH _dFISKH |
||
| 082 | _a708 | ||
| 100 | _aChheang, Sun Heng Meng | ||
| 245 |
_aExploring the national museum of Cambodia _cThis collective work as been written under the direction of Sun Heng Meng Chheang and Marie Caillet |
||
| 260 |
_aPhnom Penh : _bSipar, _c2020 |
||
| 300 |
_a48 pages : _c21 cm |
||
| 490 | _3i would like to know | ||
| 505 | _aU | ||
| 520 | _aThis book provides a broad overview of Cambodian history and the main features and attractions at the National Museum of Cambodia. | ||
| 521 | 8 |
_a1000
_bLexile |
|
| 521 | 8 |
_aU
_bRaz-Plus |
|
| 650 | _2Museums | ||
| 700 |
_aCaillat, Marie _eauthor |
||
| 700 | _aVelychko, Katerina | ||
| 700 |
_aCollins, Daryl _eproofreader |
||
| 942 |
_2ddc _cBK _n0 |
||
| 999 |
_c1514 _d1514 |
||